000
00269nam a2200097Ia 4500
082
_a
920 SAMU
245
0
_a
Who is the barbarian?
100
_a
Samudzi, Likopo Wandsbeck, South Africa, [c.2007]
_9
16895
942
_c
BK
008
210817s9999 xx 000 0 und d
999
_c
81392
_d
81392